Kvalita institucionálního prostředí a její význam pro rozvoj podnikání

Inštitúcie a inštitucionálne prostredie. Korupcia ako neformálna inštitúcia. Pojem korupcia. Miera korupcie v nových členských krajinách EÚ. Korupcia a protikorupčná politika v ČR.

Enregistré dans:
Détails bibliographiques
Auteur principal: Volejníková, Jolana
Format: Chapitre de livre
Langue:tchèque
Sujets:
Tags: Ajouter un tag
Pas de tags, Soyez le premier à ajouter un tag!

MARC

LEADER 00000naa$a2200000$$$4500
001 0046749
005 20221128095413.9
041 0 |a cze 
044 |a SK 
245 1 0 |a Kvalita institucionálního prostředí a její význam pro rozvoj podnikání  |c Jolana Volejníková 
520 |a Inštitúcie a inštitucionálne prostredie. Korupcia ako neformálna inštitúcia. Pojem korupcia. Miera korupcie v nových členských krajinách EÚ. Korupcia a protikorupčná politika v ČR. 
610 2 0 |a inštitúcia 
610 2 0 |a korupcia 
610 2 0 |a pojmy 
610 2 0 |a Európska únia 
100 1 |a Volejníková, Jolana